Ricochet - Odražená střela

Bibliographic Details
Other Authors: Mulcahy, Russell, 1953- (Director)
Format: Video DVD
Language:English
Czech
PhysicalDescription:1 videodisk (DVD) (97 min.) zvuk DD 2.0, (CZ 5.1), fareb., PAL 16:9 12 cm
Published: Bratislava Intersonic 2008
Subjects:

MARC

LEADER 00000ngm a2200000 a 4500
001 vtls009462685
003 SK-MaSNL
005 20260301082007.0
007 vd cvaizs
008 090119s2008 xo 097 d vleng
040 |a SNK  |b slo  |c SNK  |e AACR2 
041 1 |a eng  |a cze  |h eng 
044 |a xo  |c SK 
072 7 |a 791  |x Film. Cirkus. Ľudová zábava  |2 konspekt 
080 |a 791.221.7  |2 2001 
080 |a (0.034.44)  |2 2001 
130 0 |a Ricochet  |l Česky  |9 406183 
245 1 0 |a Ricochet - Odražená střela  |h videozáznam  |c [réžia] Russell Mulcahy 
246 1 0 |a Odražená střela 
260 |a Bratislava  |b Intersonic  |c 2008 
300 |a 1 videodisk (DVD) (97 min.)  |b zvuk DD 2.0, (CZ 5.1), fareb., PAL 16:9  |c 12 cm 
500 |a Vyšlo ako príloha mesačníka DVD HIT č. 37/2008 
521 |a Mládeži do 15 r. nevhodné 
534 |a V originálnom angl. znení, český dabing a titulky 
650 0 7 |a hrané filmy  |2 SNKPH  |9 68885 
650 0 7 |a akčné filmy  |2 SNKPH  |9 51531 
655 7 |a DVD  |2 SNKPH  |9 70751 
700 1 |a Mulcahy, Russell, 1953-  |4 drt  |9 311083 
999 |c 657385  |d 659315 
952 |a SNK  |b SNK  |y PREZ  |7 0  |p 17A0608020  |o snkSDVD 402  |i snk2009/388  |8 0  |0 0  |1 0  |4 0  |d 2009-01-19  |l 0  |r 2026-02-23 18:42:24  |w 2026-02-23